000 00407nam a2200157Ia 4500
008 230917s9999||||xx |||||||||||||| ||und||
020 _cRS0.7
040 _e12542
_aMAIN
041 _aEnglish
082 _a301.44 D149S
100 _aDak, T M
245 0 _aSocial inequalities and rural development: A study of Haryana block
260 _aNew Delhi
_bNational
_c1982
300 _avi,197 p.
942 _cBK
999 _c39325
_d39325